000 00610nam a2200217Ia 4500
003 OSt
005 20250822174049.0
008 210423s2010 xx 000 0 und d
040 _cAL
041 _aEnglish
082 _a322.4
_bSALS
100 _aMichael F Saldanha
_9120134
245 _aState terrorism
_b: police atrocities in the karavali area
260 _c2010
_aKarnataka
_bPeople's tribunal enquiry
300 _a56p.
_bPB
_c21x13.5cm.
365 _b20
_cINR
650 _aPolitical Science
_9120135
650 _aRelation of the State
_9120136
906 _aState ; terrorism
942 _2ddc
_cBK
999 _c175807
_d175807